[Event "World Blitz Women 2022"]
[Site "Almaty KAZ"]
[Date "2022.12.30"]
[Round "12.25"]
[White "Pourkashiyan, Atousa"]
[Black "Nomin-Erdene, Davaademberel"]
[Result "0-1"]
[WhiteTitle "WGM"]
[BlackTitle "IM"]
[WhiteElo "2321"]
[BlackElo "2384"]
[WhiteFideId "12502014"]
[BlackFideId "4900782"]
[EventDate "2022.12.29"]

1. e4 c6 2. d4 d5 3. Nd2 dxe4 4. Nxe4 Bf5 5. Ng3 Bg6 6. h4 h6 7. Nf3 Nd7 8. h5
Bh7 9. Bd3 Bxd3 10. Qxd3 e6 11. Bd2 Ngf6 12. O-O-O Be7 13. Kb1 O-O 14. Nf1 c5
15. g4 Nxg4 16. Qe2 Qb6 17. Rg1 f5 18. Ne5 Ndxe5 19. dxe5 c4 20. Ne3 Nxe5 21.
Bc3 Ng4 22. Nxg4 fxg4 23. Qxg4 Bg5 24. Rd7 e5 25. Bxe5 Rf7 26. Rxf7 Kxf7 27.
Qd7+ Kf8 28. Bxg7+ Kg8 29. Bf6 Qxf6 30. Qxb7 Rf8 31. Qd5+ Kh7 32. Qxc4 Qf7 0-1

[Event "World Blitz Women 2022"]
[Site "Almaty KAZ"]
[Date "2022.12.30"]
[Round "12.26"]
[White "Charochkina, Daria"]
[Black "Garifullina, Leya"]
[Result "1-0"]
[WhiteTitle "IM"]
[BlackTitle "IM"]
[WhiteElo "2344"]
[BlackElo "2357"]
[WhiteFideId "4180917"]
[BlackFideId "34127035"]
[EventDate "2022.12.29"]

1. d4 Nf6 2. Bg5 d5 3. Bxf6 gxf6 4. e3 c5 5. dxc5 e6 6. Nf3 Bxc5 7. Be2 Nc6 8.
O-O Rg8 9. c4 dxc4 10. Qc2 f5 11. Qxc4 Be7 12. Nc3 Qb6 13. a3 Rg4 14. Qd3 Rg6
15. Rfd1 a6 16. b4 Kf8 17. Rac1 Qc7 18. Na4 Rb8 19. Nc5 Bf6 20. e4 fxe4 21. Qxe4
Be7 22. b5 axb5 23. Bxb5 Qa5 24. Bxc6 bxc6 25. Ne5 Bxc5 26. Nxc6 Qb6 27. Nxb8
Qxb8 28. Rxc5 Bb7 29. Qd4 Rxg2+ 30. Kf1 Qxh2 31. Qh8+ Ke7 32. Qd8# 1-0

[Event "World Blitz Women 2022"]
[Site "Almaty KAZ"]
[Date "2022.12.30"]
[Round "12.28"]
[White "Beydullayeva, Govhar"]
[Black "Nurmanova, Alua"]
[Result "1/2-1/2"]
[WhiteTitle "WGM"]
[BlackTitle "WIM"]
[WhiteElo "2387"]
[BlackElo "2191"]
[WhiteFideId "13413015"]
[BlackFideId "13729390"]
[EventDate "2022.12.29"]

1. d4 Nf6 2. c4 g6 3. Nc3 Bg7 4. e4 d6 5. h3 O-O 6. Be3 c5 7. Nf3 cxd4 8. Nxd4
a6 9. Be2 b6 10. O-O Bb7 11. Qc2 Nbd7 12. Rad1 Rc8 13. f4 Qc7 14. a4 Qb8 15. Nf3
e5 16. fxe5 dxe5 17. Nd5 Bxd5 18. exd5 Qd6 19. Qb3 Nc5 20. Qb4 a5 21. Qb5 Nfd7
22. b4 Ne4 23. bxa5 Nc3 24. Qb2 Nxd1 25. Rxd1 bxa5 26. Ng5 Nc5 27. Qb5 h6 28.
Bxc5 Rxc5 29. Ne4 Rxb5 30. Nxd6 Rb2 31. Kf1 Rd8 1/2-1/2

[Event "World Blitz Women 2022"]
[Site "Almaty KAZ"]
[Date "2022.12.30"]
[Round "12.29"]
[White "Atalik, Ekaterina"]
[Black "Hajiyeva, Laman"]
[Result "1/2-1/2"]
[WhiteTitle "IM"]
[BlackTitle "WFM"]
[WhiteElo "2403"]
[BlackElo "2135"]
[WhiteFideId "4130189"]
[BlackFideId "13415875"]
[EventDate "2022.12.29"]

1. c4 c6 2. Nf3 Nf6 3. g3 g6 4. Bg2 Bg7 5. O-O O-O 6. Nc3 d5 7. d4 dxc4 8. Ne5
Ng4 9. f4 Nxe5 10. fxe5 c5 11. e3 Nc6 12. Bxc6 bxc6 13. Ne4 Qd5 14. Nxc5 Bxe5
15. Na4 Bh3 16. Rf2 Rad8 17. Nc3 Qd7 18. Qe2 Bg7 19. Qxc4 e5 20. dxe5 Bxe5 21.
Bd2 Qc7 22. Qh4 Bf5 23. Raf1 Bd3 24. Re1 Qb6 25. Ne4 Qxb2 26. Bc3 Qxf2+ 27. Kxf2
Bxc3 28. Nxc3 f5 29. Rd1 c5 30. Qa4 c4 31. Qxa7 g5 32. Qc5 h6 33. a4 f4 34. exf4
gxf4 35. Re1 fxg3+ 36. Kxg3 Rf5 37. Qc7 Rdf8 38. Re3 Rg5+ 39. Kh4 Bg6 40. Re5
Rf4+ 41. Kh3 Rf3+ 42. Kh4 Rf4+ 43. Kh3 Rf3+ 44. Kh4 Rf4+ 45. Kh3 1/2-1/2

[Event "World Blitz Women 2022"]
[Site "Almaty KAZ"]
[Date "2022.12.30"]
[Round "12.30"]
[White "Savitha, Shri B"]
[Black "Lu, Miaoyi"]
[Result "1-0"]
[WhiteTitle "WIM"]
[WhiteElo "2411"]
[BlackElo "2399"]
[WhiteFideId "35061887"]
[BlackFideId "8618020"]
[EventDate "2022.12.29"]

1. e4 c5 2. Nf3 Nc6 3. d4 cxd4 4. Nxd4 Nf6 5. Nc3 d6 6. Be3 Ng4 7. Bg5 h6 8. Bh4
g5 9. Bg3 Bg7 10. Nf5 Bxf5 11. exf5 Qa5 12. Qd2 Qxf5 13. Be2 Nd4 14. Bxg4 Qxg4
15. O-O O-O 16. f4 Nf5 17. Ne2 Nxg3 18. Nxg3 Rac8 19. c3 Rc4 20. fxg5 Qxg5 21.
Qe2 Rf4 22. Rxf4 Qxf4 23. Qxe7 Be5 24. Kh1 Qg5 25. Qxb7 Bxg3 26. hxg3 Qxg3 27.
Rf1 Qh4+ 28. Kg1 Qc4 29. Qxa7 Re8 30. b3 Qe6 31. c4 Qg6 32. Qf2 Re7 33. a4 Rb7
34. Qf3 Qc2 35. Qxb7 1-0

[Event "World Blitz Women 2022"]
[Site "Almaty KAZ"]
[Date "2022.12.30"]
[Round "12.31"]
[White "Mammadova, Gulnar"]
[Black "Paramzina, Anastasya"]
[Result "1-0"]
[WhiteTitle "IM"]
[BlackTitle "WGM"]
[WhiteElo "2376"]
[BlackElo "2227"]
[WhiteFideId "13403508"]
[BlackFideId "4165012"]
[EventDate "2022.12.29"]

1. e4 c5 2. Nf3 d6 3. Bb5+ Nd7 4. a4 Nf6 5. Nc3 a6 6. Bc4 Qa5 7. Ba2 e6 8. O-O
b5 9. d3 Bb7 10. Bf4 Qb6 11. Qd2 Be7 12. Rfe1 O-O 13. a5 Qc6 14. Ne2 Rac8 15.
Ng3 Rfd8 16. c3 Nf8 17. h4 Ng6 18. Bg5 h6 19. h5 Ne5 20. Bf4 c4 21. Nd4 Qc7 22.
dxc4 Nxc4 23. Bxc4 Qxc4 24. f3 e5 25. Ngf5 Bf8 26. Bxh6 gxh6 27. Nc2 d5 28.
Nxh6+ Kh7 29. Nxf7 Rd7 30. Nxe5 Qc5+ 31. Nd4 Rg7 32. Qf4 dxe4 33. Qxf6 exf3 34.
Qf5+ Kg8 35. Qe6+ Kh7 36. g4 f2+ 37. Kxf2 Bd6 38. Qf5+ Kg8 39. Ng6 Rf7 40. Re6
Rxf5+ 41. gxf5 Qd5 42. Rg1 Kf7 43. h6 Bc5 44. Nf4 Qxf5 45. Ke3 Bxd4+ 46. cxd4
Re8 47. Rg7+ Kf8 48. Ng6+ 1-0

[Event "World Blitz Women 2022"]
[Site "Almaty KAZ"]
[Date "2022.12.30"]
[Round "12.32"]
[White "Kairbekova, Amina"]
[Black "Balajayeva, Khanim"]
[Result "0-1"]
[WhiteTitle "WIM"]
[BlackTitle "WGM"]
[WhiteElo "2209"]
[BlackElo "2379"]
[WhiteFideId "13712799"]
[BlackFideId "13406396"]
[EventDate "2022.12.29"]

1. e4 e5 2. Nf3 Nc6 3. Bb5 a6 4. Ba4 Nf6 5. O-O Be7 6. d3 d6 7. c3 O-O 8. Re1
Re8 9. Nbd2 b5 10. Bc2 Nb8 11. d4 Nbd7 12. Nf1 c5 13. d5 c4 14. Ng3 Nc5 15. Be3
Qc7 16. Qd2 Bd7 17. h4 Ng4 18. h5 h6 19. Nh2 Nxe3 20. Qxe3 Bg5 21. Qe2 Qd8 22.
Ng4 Bf4 23. Ne3 Bxg3 24. fxg3 Qg5 25. Qf3 Rf8 26. Rf1 a5 27. Kh2 Ra7 28. Qe2 f6
29. Nf5 Ra6 30. Rf2 Kh7 31. Raf1 Be8 32. g4 g6 33. hxg6+ Bxg6 34. g3 Rg8 35. Nh4
Be8 36. Rxf6 Ra7 37. Bd1 Bd7 38. Rf7+ Kh8 39. Nf5 Bxf5 40. R7xf5 Qg7 41. g5 hxg5
42. Qh5+ Qh7 43. Kg2 Qxh5 44. Bxh5 Nxe4 45. Bf3 Nd2 46. Rh1+ Rh7 47. Rxh7+ Kxh7
48. Rf6 Rg6 49. Rf7+ Rg7 50. Rf6 Rg6 51. Rf7+ Rg7 52. Rf8 Re7 53. Bg4 e4 54. Kf2
e3+ 55. Ke2 Ne4 56. Kxe3 Nxc3+ 57. Kf2 Nxd5 58. Bf5+ Kg7 59. Rb8 b4 60. Rb5 Ne3
61. Rxa5 Nxf5 62. Rxf5 Rf7 63. Rxf7+ Kxf7 64. Ke3 d5 65. Kd4 Ke6 66. a4 bxa3 67.
bxa3 Kd6 68. a4 Kc6 69. g4 Kb6 0-1

[Event "World Blitz Women 2022"]
[Site "Almaty KAZ"]
[Date "2022.12.30"]
[Round "12.33"]
[White "Nurgaliyeva, Zarina"]
[Black "Nakhbayeva, Guliskhan"]
[Result "0-1"]
[WhiteTitle "WFM"]
[BlackTitle "IM"]
[WhiteElo "2013"]
[BlackElo "2326"]
[WhiteFideId "13730096"]
[BlackFideId "13704788"]
[EventDate "2022.12.29"]

1. e4 e6 2. d4 d5 3. exd5 exd5 4. Nf3 Nc6 5. Bb5 Bd6 6. c4 dxc4 7. d5 a6 8. Ba4
b5 9. dxc6 bxa4 10. O-O Ne7 11. Nbd2 Be6 12. Qxa4 Bd5 13. Nxc4 Bxc6 14. Nxd6+
Qxd6 15. Qg4 O-O 16. Bg5 Ng6 17. Rad1 Qc5 18. Be3 Qa5 19. Nd4 Bb7 20. h4 h5 21.
Qe2 Rae8 22. Qc2 Nxh4 23. g3 Qd5 24. f3 Rxe3 25. gxh4 Qe5 26. Kf2 Re8 27. Nf5
Qh2# 0-1

[Event "World Blitz Women 2022"]
[Site "Almaty KAZ"]
[Date "2022.12.30"]
[Round "12.34"]
[White "Borisova, Ekaterina"]
[Black "Lhotska, Anna"]
[Result "1-0"]
[WhiteTitle "FM"]
[BlackTitle "WFM"]
[WhiteElo "2223"]
[BlackElo "2159"]
[WhiteFideId "34124184"]
[BlackFideId "376183"]
[EventDate "2022.12.29"]

1. d4 Nf6 2. c4 c5 3. d5 e6 4. Nc3 exd5 5. cxd5 d6 6. Nf3 g6 7. g3 Bg7 8. Bg2
O-O 9. O-O Re8 10. Re1 a6 11. a4 Nbd7 12. Bf4 Qc7 13. Nd2 Nh5 14. Bg5 h6 15. Be3
Rb8 16. Qc1 Kh7 17. Nc4 b5 18. axb5 axb5 19. Na5 b4 20. Ne4 f5 21. Nd2 Ne5 22.
h3 Ra8 23. Nac4 Bb7 24. Rxa8 Rxa8 25. Kh2 Nxc4 26. Nxc4 Ra2 27. Bf4 Nxf4 28.
Qxf4 Bxb2 29. e4 Bc3 30. Rb1 fxe4 31. Bxe4 Bd4 32. Rf1 Ba6 33. Qg4 Qg7 34. Bd3
Bxf2 35. Kh1 Bb7 36. Qf3 Bd4 37. Nxd6 Ba8 38. h4 h5 39. Qxh5+ Kg8 40. Qf3 Ra3
41. Ne8 Rxd3 42. Qxd3 Bxd5+ 43. Kh2 Qe7 44. Qxg6+ Kh8 45. Qh5+ Kg8 46. Qxd5+ Kh8
47. Qh5+ Kg8 48. Qg6+ Kh8 49. Qh6+ Kg8 50. Nf6+ Bxf6 51. Qxf6 Qe2+ 52. Rf2 Qg4
53. Qd8+ Kg7 54. Qf8+ Kg6 55. Rf6+ 1-0

[Event "World Blitz Women 2022"]
[Site "Almaty KAZ"]
[Date "2022.12.30"]
[Round "12.35"]
[White "Mkrtchyan, Mariam"]
[Black "Serikbay, Assel"]
[Result "0-1"]
[WhiteTitle "WIM"]
[BlackTitle "WIM"]
[WhiteElo "2364"]
[BlackElo "2230"]
[WhiteFideId "13310828"]
[BlackFideId "13706799"]
[EventDate "2022.12.29"]

1. Nf3 d5 2. g3 c6 3. Bg2 Nf6 4. c4 dxc4 5. a4 Be6 6. O-O g6 7. Na3 Bg7 8. Ng5
Bf5 9. Nxc4 h6 10. Nf3 O-O 11. d3 Nbd7 12. a5 Rc8 13. Be3 b5 14. axb6 axb6 15.
Nd4 c5 16. Nc6 Qe8 17. Na7 Rd8 18. Qb3 Ng4 19. Bf4 e5 20. Bd2 Be6 21. Bc3 f5 22.
Rfd1 Qf7 23. h3 Ngf6 24. Qb5 Nd5 25. Nc6 Ra8 26. Bxe5 Nxe5 27. N6xe5 Qf6 28.
Rxa8 Rxa8 29. Bxd5 Bxd5 30. Nxb6 Qxe5 31. Nxa8 Bxa8 32. Ra1 Bd5 33. Ra7 Qxe2 34.
Qb8+ Kh7 35. Rxg7+ Kxg7 36. Qc7+ Bf7 37. Qxc5 Qxb2 38. Qd6 Qc3 39. d4 Qe1+ 40.
Kg2 Qe4+ 41. Kf1 Bc4+ 42. Kg1 Bd5 43. Qd7+ Bf7 44. h4 f4 45. Qd6 fxg3 46. fxg3
Qf3 47. Qe5+ Kh7 48. Qc7 Qd1+ 49. Kg2 Qe2+ 50. Kg1 Qe6 51. Kg2 Qd5+ 52. Kh2 g5
53. hxg5 hxg5 54. Qc2+ Bg6 55. Qc7+ Kh6 56. Qc3 Be8 57. Qe3 Bc6 58. Qg1 Qf3 59.
Kh3 Qh5# 0-1

[Event "World Blitz Women 2022"]
[Site "Almaty KAZ"]
[Date "2022.12.30"]
[Round "12.36"]
[White "Eric, Jovana"]
[Black "Kaldarova, Ayaulym"]
[Result "1-0"]
[WhiteTitle "WGM"]
[WhiteElo "2236"]
[BlackElo "1832"]
[WhiteFideId "938238"]
[BlackFideId "13720503"]
[EventDate "2022.12.29"]

1. e4 d6 2. d4 Nf6 3. Nc3 e5 4. Nf3 exd4 5. Qxd4 Be7 6. Bf4 O-O 7. O-O-O Nc6 8.
Qd2 Be6 9. Ng5 a6 10. Nxe6 fxe6 11. Bc4 Qc8 12. f3 b5 13. Bb3 Na5 14. Kb1 Nxb3
15. cxb3 b4 16. Na4 e5 17. Be3 a5 18. Rc1 Qb7 19. g4 Nd7 20. Rhf1 c5 21. g5 Kh8
22. h4 Rf7 23. h5 Raf8 24. Qg2 g6 25. hxg6 hxg6 26. Rh1+ Rh7 27. Rxh7+ Kxh7 28.
Qh3+ Kg7 29. Qh6+ Kf7 30. Qh7+ Ke8 31. Qxg6+ Kd8 32. Qh5 d5 33. g6 Nf6 34. Qh6
dxe4 35. Rd1+ Kc8 36. g7 Rg8 37. Bxc5 Bxc5 38. Qxf6 Bb6 39. Qe6+ Kb8 40. Qxg8+ 1-0

[Event "World Blitz Women 2022"]
[Site "Almaty KAZ"]
[Date "2022.12.30"]
[Round "12.37"]
[White "Schulze, Lara"]
[Black "Nomindalai, Tumurbaatar"]
[Result "1-0"]
[WhiteTitle "FM"]
[BlackTitle "CM"]
[WhiteElo "2284"]
[BlackElo "2132"]
[WhiteFideId "12956830"]
[BlackFideId "4904095"]
[EventDate "2022.12.29"]

1. e4 c5 2. Nf3 Nc6 3. Bb5 g6 4. O-O Bg7 5. c3 Nf6 6. Re1 O-O 7. d4 cxd4 8. cxd4
d5 9. e5 Ne4 10. Nc3 a6 11. Bd3 Bg4 12. Be3 Nxc3 13. bxc3 Na5 14. h3 Bxf3 15.
Qxf3 Rc8 16. Rac1 e6 17. Qg3 Nc4 18. Bg5 Qa5 19. Re2 Rc7 20. h4 h5 21. Bf6 Bh6
22. Bg5 Bg7 23. Qf4 Nb6 24. Bf6 Rxc3 25. Rd1 Qa3 26. Bxg7 Kxg7 27. Qf6+ Kh7 28.
Re3 Nd7 29. Qg5 Kg7 30. Rg3 Rg8 31. Rf3 Qb4 32. Be2 Rxf3 33. Bxf3 Qc3 34. Qe7
Nb6 35. Qf6+ Kh6 36. Qf4+ Kg7 37. Rc1 Qb4 38. Rc7 Rf8 39. Qf6+ Kg8 40. Qf4 Qb1+
41. Kh2 Qf5 42. Qxf5 exf5 43. Rxb7 Na4 44. Bxd5 Nc3 45. Bc4 a5 46. d5 Rc8 47.
Ba6 Nxd5 48. Rb5 Rd8 49. Rxa5 Nb4 50. Bc4 Nc6 51. Rc5 Nd4 52. Rc7 Rf8 53. a4 Ne6
54. Bxe6 fxe6 55. Ra7 Rb8 56. Kg3 Rb4 57. a5 Ra4 58. a6 Rg4+ 59. Kf3 Rxh4 60.
Re7 Ra4 61. Rxe6 Kf7 62. Rf6+ Kg7 63. Rb6 h4 64. Rb7+ Kh6 65. a7 g5 66. e6 Kg6
67. e7 1-0

[Event "World Blitz Women 2022"]
[Site "Almaty KAZ"]
[Date "2022.12.30"]
[Round "12.38"]
[White "Petrova, Irina"]
[Black "Shukhman, Anna"]
[Result "1-0"]
[WhiteTitle "WIM"]
[BlackTitle "WFM"]
[WhiteElo "2123"]
[BlackElo "2161"]
[WhiteFideId "14124122"]
[BlackFideId "54180058"]
[EventDate "2022.12.29"]

1. e4 c5 2. Nf3 a6 3. c4 Nc6 4. Nc3 Nf6 5. Be2 e5 6. O-O g6 7. d3 Bg7 8. a3 d6
9. Rb1 Rb8 10. b4 cxb4 11. axb4 b5 12. cxb5 axb5 13. d4 O-O 14. Bxb5 Nxd4 15.
Nxd4 exd4 16. Qxd4 Nxe4 17. Qxe4 Bxc3 18. Be2 Bf5 19. Qc4 Rc8 20. Qb3 Bxb1 21.
Qxb1 Re8 22. Bf3 Qb6 23. b5 Rc5 24. Be3 Qxb5 25. Bxc5 Qxc5 26. Qa2 Bd4 27. g3
Kg7 28. Kg2 Qf5 29. Qa4 Qe5 30. Rd1 Bc5 31. Qa2 Re7 32. Rb1 Qd4 33. Rd1 Qf6 34.
Rb1 h5 35. h4 Re5 36. Rb7 Rf5 37. Qb3 d5 38. Rb5 Qd6 39. Qc3+ d4 40. Qd3 Re5 41.
Rb7 Qf6 42. Qc4 Rf5 43. Qd3 Bd6 44. Rd7 Bc5 45. Rc7 Qd6 46. Rb7 Re5 47. Qb3 Qf6
48. Qd3 Re6 49. Bd5 Re7 50. Rb1 Qd6 51. Bf3 f5 52. Rc1 f4 53. Qc4 Re5 54. Rb1
fxg3 55. fxg3 Re7 56. Rc1 Bb6 57. Qb3 d3 58. Rc6 Qd4 59. Qxb6 Qxb6 60. Rxb6 d2
61. Rb1 Re1 62. Rd1 Kf6 63. Kf2 Re8 64. Rxd2 g5 65. hxg5+ Kxg5 66. Rd5+ Kh6 67.
Rxh5+ Kg6 68. Rc5 Ra8 69. Rc2 Ra3 70. g4 Kg5 71. Kg3 Rd3 72. Rc5+ Kf6 73. Kf4
Rd4+ 74. Be4 Rd1 75. g5+ Kg7 76. Rc7+ Kf8 77. Kf5 Rf1+ 78. Kg6 Rg1 79. Bf5 Ke8
80. Kf6 Rd1 81. Rc8+ Rd8 82. Rxd8+ Kxd8 83. Kf7 Kc7 84. g6 Kc6 85. g7 Kc5 86.
g8=Q Kd4 87. Qg4+ Ke5 88. Qe4+ Kd6 89. Qe6+ Kc5 90. Qd7 Kb6 91. Qd5 Kc7 92. Ke7
Kb6 93. Kd7 Ka6 94. Qb3 Ka5 95. Kc6 Ka6 96. Qb6# 1-0

[Event "World Blitz Women 2022"]
[Site "Almaty KAZ"]
[Date "2022.12.30"]
[Round "12.39"]
[White "Muminova, Nafisa"]
[Black "Balakanova, Bakhyt"]
[Result "1-0"]
[WhiteTitle "WGM"]
[BlackTitle "WFM"]
[WhiteElo "2274"]
[BlackElo "2005"]
[WhiteFideId "14201526"]
[BlackFideId "13705881"]
[EventDate "2022.12.29"]

1. e4 Nf6 2. Nc3 d5 3. exd5 Nxd5 4. Bc4 Nb6 5. Bb3 c5 6. d3 Nc6 7. Be3 Nd4 8.
Nge2 Bg4 9. h3 Bh5 10. Bxd4 cxd4 11. Ne4 e5 12. Qd2 a5 13. a3 Be7 14. g4 Bg6 15.
N2g3 a4 16. Ba2 Nd5 17. Nf5 Bxf5 18. gxf5 Nf4 19. O-O-O O-O 20. Kb1 Qb6 21. Ka1
Rac8 22. h4 h6 23. Rdg1 Kh8 24. Ng5 Qc6 25. Nxf7+ Kh7 26. Ng5+ Kh8 27. Nf7+ Kh7
28. Nxe5 Qxc2 29. Qxf4 Bxa3 30. Qxd4 Rfd8 31. Qb6 Bc5 32. Qg6+ Kh8 33. Qxg7# 1-0

[Event "World Blitz Women 2022"]
[Site "Almaty KAZ"]
[Date "2022.12.30"]
[Round "12.40"]
[White "Yao, Lan"]
[Black "Nasybullina, Alfia"]
[Result "1-0"]
[WhiteTitle "WIM"]
[BlackTitle "WIM"]
[WhiteElo "2271"]
[BlackElo "2027"]
[WhiteFideId "8610835"]
[BlackFideId "4132416"]
[EventDate "2022.12.29"]

1. e4 e6 2. d4 d5 3. Nc3 Bb4 4. e5 c5 5. Bd2 cxd4 6. Nb5 Bc5 7. b4 Bf8 8. Nxd4
Nc6 9. Nxc6 bxc6 10. Bd3 Ne7 11. f4 Ng6 12. Nf3 Qb6 13. c3 c5 14. Rb1 cxb4 15.
cxb4 Be7 16. Qe2 O-O 17. Qf2 Bd7 18. Nd4 f6 19. Nf3 fxe5 20. Bxg6 hxg6 21. Nxe5
Bb5 22. Nxg6 Rf7 23. Qxb6 axb6 24. Nxe7+ Rxe7 25. Rb2 Bc4 26. Kf2 Rxa2 27. Rxa2
Bxa2 28. Ra1 Bc4 29. Bc3 Rd7 30. Bd4 Rf7 31. Ke3 b5 32. g4 Re7 33. h4 Kf7 34. h5
Rd7 35. Ra8 Bb3 36. g5 Rc7 37. Bc5 g6 38. h6 e5 39. fxe5 Ke6 40. Kd4 Rf7 41.
Re8+ Kf5 42. e6 Rb7 43. e7 Kxg5 44. h7 1-0

[Event "World Blitz Women 2022"]
[Site "Almaty KAZ"]
[Date "2022.12.30"]
[Round "12.41"]
[White "Bayasgalan, Khishigbaatar"]
[Black "Tereladze, Sopio"]
[Result "1-0"]
[WhiteTitle "WCM"]
[BlackTitle "WIM"]
[WhiteElo "1811"]
[BlackElo "2215"]
[WhiteFideId "4904311"]
[BlackFideId "13600486"]
[EventDate "2022.12.29"]

1. d4 Nf6 2. Nc3 d5 3. Bg5 Bf5 4. e3 e6 5. Bd3 Bxd3 6. Qxd3 a6 7. e4 dxe4 8.
Nxe4 Be7 9. Bxf6 Bxf6 10. Nf3 Nd7 11. c3 O-O 12. h4 Qe7 13. g4 e5 14. d5 Nc5 15.
Nxc5 Qxc5 16. Qe4 Rad8 17. g5 Be7 18. O-O-O f6 19. Rd2 c6 20. gxf6 cxd5 21. Qxe5
Bxf6 22. Qe6+ Kh8 23. Ng5 Qe7 24. Qxe7 Bxe7 25. Ne6 h6 26. Nxf8 Rxf8 27. Rxd5
Rxf2 28. Rd7 Bf6 29. Rxb7 h5 30. Rb6 Rf4 31. Rxa6 Bxh4 32. Ra5 g5 33. Ra7 Rf8
34. a4 Kg8 35. a5 Bf2 36. Rb7 h4 37. a6 g4 38. a7 h3 39. Rb4 g3 40. Rg4+ Kh7 1-0

[Event "World Blitz Women 2022"]
[Site "Almaty KAZ"]
[Date "2022.12.30"]
[Round "12.42"]
[White "Kaliakhmet, Elnaz"]
[Black "Machlik, Monika"]
[Result "0-1"]
[WhiteTitle "WFM"]
[WhiteElo "1786"]
[BlackElo "2114"]
[WhiteFideId "13730169"]
[BlackFideId "1513621"]
[EventDate "2022.12.29"]

1. d4 Nf6 2. c4 e6 3. Nf3 Bb4+ 4. Bd2 a5 5. g3 b6 6. Bg2 Bb7 7. O-O O-O 8. Nc3
d6 9. Rc1 Nbd7 10. Nb5 Bxd2 11. Qxd2 Qb8 12. Rfd1 c6 13. Nc3 Ba6 14. b3 Qc7 15.
e4 Rad8 16. Qe3 e5 17. d5 c5 18. Nh4 Rfe8 19. Rf1 Nf8 20. Nf5 Ng6 21. Qg5 Qb8
22. h4 Bc8 23. h5 Bxf5 24. Qxf5 Ne7 25. Qf3 h6 26. Kh2 Qc8 27. Bh3 Qb7 28. g4
Nh7 29. Qg2 g5 30. hxg6 Nxg6 31. Ne2 Qe7 32. Qg3 Ng5 33. Bg2 Qf6 34. Rce1 Nf4
35. Qf3 0-1

[Event "World Blitz Women 2022"]
[Site "Almaty KAZ"]
[Date "2022.12.30"]
[Round "12.43"]
[White "Kirchei, Viktoriia"]
[Black "Assylkhan, Asiya"]
[Result "1-0"]
[WhiteTitle "WFM"]
[WhiteElo "2070"]
[BlackElo "1430"]
[WhiteFideId "34133396"]
[BlackFideId "13752707"]
[EventDate "2022.12.29"]

1. e4 c6 2. d4 d5 3. exd5 cxd5 4. Bd3 Nc6 5. c3 Nf6 6. h3 g6 7. Qc2 Bg7 8. Nf3
O-O 9. O-O Bd7 10. Re1 Rc8 11. a3 e6 12. Bg5 Qb6 13. Qd2 Na5 14. Qe2 Nc4 15. b4
Nd6 16. a4 Nfe4 17. Be7 Rfe8 18. Bxd6 Nxd6 19. Ne5 Qc7 20. Nd2 Re7 21. Rec1 f6
22. Nef3 e5 23. dxe5 fxe5 24. Bb1 Bf5 25. Ba2 Be6 26. Ng5 Nc4 27. Nxc4 dxc4 28.
Nxe6 Rxe6 29. Rd1 e4 30. Rac1 a6 31. Rd5 b5 32. Rc5 Qd7 33. axb5 Rxc5 34. bxc5
axb5 35. Rd1 Qc6 36. Rd8+ Kf7 37. Bb1 Qxc5 38. Bxe4 Bxc3 39. Qf3+ Rf6 40. Bd5+
Kg7 41. Rd7+ Kh8 42. Qe2 Qf8 43. Re7 Qh6 44. Re8+ Kg7 45. Qe7+ 1-0

[Event "World Blitz Women 2022"]
[Site "Almaty KAZ"]
[Date "2022.12.30"]
[Round "12.44"]
[White "Kim, Kristina"]
[Black "Gaboyan, Susanna"]
[Result "0-1"]
[WhiteTitle "WCM"]
[BlackTitle "WIM"]
[WhiteElo "1930"]
[BlackElo "2200"]
[WhiteFideId "13712438"]
[BlackFideId "13303627"]
[EventDate "2022.12.29"]

1. d4 Nf6 2. Bf4 d6 3. Nc3 Nbd7 4. e4 e5 5. Be3 g6 6. f3 Bg7 7. Nge2 O-O 8. Qd2
c6 9. d5 c5 10. h4 h5 11. Bg5 Rb8 12. a4 a6 13. a5 b5 14. axb6 Qxb6 15. b3 a5
16. Nc1 Ba6 17. Bxa6 Qxa6 18. Qe2 Qb6 19. Na4 Qb4+ 20. Bd2 Qb7 21. Nd3 Rfe8 22.
Ndb2 Nb6 23. Nxb6 Qxb6 24. Nc4 Qd8 25. Bxa5 Qd7 26. O-O Rf8 27. Bd2 Ne8 28. Ra6
f5 29. Rfa1 f4 30. Ra7 Rb7 31. Rxb7 Qxb7 32. Nb2 Bf6 33. Be1 Qe7 34. Qf2 Nc7 35.
Ra7 Qd8 36. Nc4 Nb5 37. Ra6 Qc8 38. Ra5 Qd7 39. Qd2 Nd4 40. Ra6 Be7 41. Bf2 Qc8
42. Ra7 Qd8 43. Bxd4 cxd4 44. Qa5 Bxh4 45. Qxd8 Rxd8 46. Na5 Be1 47. Nc4 Bb4 48.
Kh2 g5 49. Kg1 g4 50. Kf2 d3 51. cxd3 Bc5+ 0-1

[Event "World Blitz Women 2022"]
[Site "Almaty KAZ"]
[Date "2022.12.30"]
[Round "12.45"]
[White "Samaganova, Aleksandra"]
[Black "Mikhaylova, Irina"]
[Result "1-0"]
[WhiteTitle "WFM"]
[BlackTitle "WGM"]
[WhiteElo "1884"]
[BlackElo "2257"]
[WhiteFideId "13800221"]
[BlackFideId "4109040"]
[EventDate "2022.12.29"]

1. c4 Nf6 2. Nc3 d5 3. cxd5 Nxd5 4. g3 g6 5. Bg2 c6 6. Nf3 Bg7 7. O-O O-O 8. d4
a5 9. e4 Nxc3 10. bxc3 Be6 11. Qc2 Bc4 12. Rd1 Nd7 13. Rb1 b5 14. Bf4 Qc8 15.
Bh3 e6 16. Bd6 Re8 17. Nd2 Nb6 18. Bc5 Nd7 19. Nxc4 bxc4 20. Bd6 a4 21. Rb4 Qa6
22. Rdb1 Bf8 23. Bxf8 Rxf8 24. Bf1 c5 25. Rxc4 Qd6 26. Rxa4 cxd4 27. cxd4 Nb6
28. Rab4 Nd7 29. a4 e5 30. d5 Rfc8 31. Qb2 Nc5 32. Bb5 f5 33. exf5 gxf5 34. Qd2
Ne4 35. Qd3 Rc5 36. Bc6 Rxc6 1-0

[Event "World Blitz Women 2022"]
[Site "Almaty KAZ"]
[Date "2022.12.30"]
[Round "12.46"]
[White "Balakanova, Gulnar"]
[Black "Foudzi, Siti Zulaikha"]
[Result "0-1"]
[WhiteTitle "WFM"]
[BlackTitle "WIM"]
[WhiteElo "1743"]
[BlackElo "2136"]
[WhiteFideId "13705890"]
[BlackFideId "5700965"]
[EventDate "2022.12.29"]

1. e4 g6 2. Nc3 Bg7 3. Nge2 d6 4. g3 Nc6 5. Bg2 e5 6. h3 Nf6 7. O-O O-O 8. d3 a6
9. Be3 b5 10. Qd2 Bb7 11. Bh6 b4 12. Nd1 d5 13. Bxg7 Kxg7 14. exd5 Nxd5 15. Ne3
Nce7 16. Nxd5 Nxd5 17. f4 Qd6 18. fxe5 Qxe5 19. c4 bxc3 20. bxc3 Rab8 21. Rae1
Qe3+ 22. Qxe3 Nxe3 23. Bxb7 Nxf1 24. Bxa6 Nd2 25. Kf2 Ra8 26. Rd1 Rxa6 27. Rxd2
Rfa8 28. c4 Rxa2 29. Rxa2 Rxa2 30. Ke3 Kf6 31. h4 c5 32. Nf4 Ke5 33. Ne2 Rc2 34.
Nf4 h5 35. Ne2 Rxe2+ 36. Kxe2 Kd4 37. Kd2 f6 38. Ke2 g5 39. Kd2 gxh4 40. gxh4 f5
41. Ke2 f4 42. Kf3 Kxd3 43. Kxf4 Kxc4 44. Kg5 Kd5 45. Kxh5 c4 46. Kg6 c3 47. h5
c2 48. h6 c1=Q 49. h7 Qb2 50. Kf7 Qh8 0-1